Statistiques concernant Paroles "Creep" de Radiohead

Cliquez ici pour prendre le quiz!

Statistiques générales

  • Ce quiz a été pris 268 fois
  • Le résultat moyen est 136 sur 163

Statistiques - réponses

Réponse% Correct
a
99%
cry
99%
I
98%
creep
96%
I'm
95%
you
94%
the
93%
weirdo
92%
but
91%
But
91%
here
91%
here ?
91%
what
90%
What
90%
hell
89%
Hell
89%
an
88%
belong
88%
don't
88%
So
88%
so
88%
am
87%
when
87%
special
87%
When
87%
in
86%
your
86%
fuckin'
85%
doin'
84%
me
84%
was
84%
like
82%
eye
81%
look
81%
angel
80%
you're
79%
whish
78%
wish
78%
beautiful
77%
makes
77%
before
76%
were
76%
skin
73%
want
73%
not
72%
just
71%
perfect
70%
world
70%
to
69%
body
68%
feather
68%
run
66%
soul
65%
couldn't
64%
around
63%
have
63%
it
62%
float
61%
notice
60%
control
57%
she's
55%
out
54%
running
54%
wanna
54%
happy
53%
if
53%
whatever
53%
care
50%
hurts
48%
door
37%

Distribution des résultats

Percentile par nombre de réponses

% des personnes avec chaque résultat

Votre développement - résultats

Vous n’avez pas pris ce quiz